| 000 | 01434nam a22002897a 4500 | ||
|---|---|---|---|
| 999 |
_c119258 _d119258 |
||
| 003 | dpl | ||
| 005 | 20190226132543.0 | ||
| 008 | 190226b ||||| |||| 00| 0 eng d | ||
| 010 | _aB-072640 | ||
| 020 |
_c300.00 _a8174530681 |
||
| 035 | _aB-072640, B-072644 | ||
| 037 | _bCen Lib/Ret | ||
| 040 |
_aDPL _bHN _c0 |
||
| 082 |
_a780 _bभार्गव |
||
| 100 |
_aभार्गव, सत्या _984049 |
||
| 245 |
_aराष्ट्रीय एकता में संगीत की भूमिका / _cसत्या भार्गव |
||
| 246 |
_aRashtrita ekta mei sangeet ki bhoomika / _bby Satya Bhargav |
||
| 260 |
_aनयी दिल्ली _bसंजय प्रकाशन |
||
| 270 |
_bनयी दिल्ली _a4378/4 बी, जे एम.डी. हाउस, मुरारीलाल स्ट्रीट, अंसारी रोड, दरियागंज _e110002 |
||
| 300 |
_axii,204पृ. _c19सेमी(सजिल्द ) |
||
| 500 | _aसन्दर्भ सूची भी शामिल | ||
| 650 |
_aसंगीत - भारत - इतिहास और आलोचना _x _z _984050 |
||
| 650 |
_aसंगीत में राष्ट्रवाद _945207 |
||
| 650 |
_aMusic -- India -- History and criticism _984051 |
||
| 650 |
_aNationalism in music _984052 |
||
| 942 |
_2ddc _cHN _h780 _mभार्गव |
||